00454 2200181 4500001002100000008004100021035002000062245006400082100002000146250000600166260002900172300001200201084001400213082000800227650001300235990001200248990001200260INLIS000000000000788 ind  a0010-0524000023 aCara Cespleng Pintar Kimia Kelas X, XI, XIIcAgus Kamaludin aKamaludin, Agus a1 aYogyakarta :bAndic2014 a230 hlm a607 AGU c a607 aNonFiksi a0740425 a0740426